000 00320nam a22001337a 4500
020 _a978-0-143-33479-8
082 _a823
_bBON/O
100 _aBOND, RUSKIN
245 _aMR.OLIVER'S DIARY
260 _aUNITED KINGDOM
_bPUFFIN BOOKS
_c2016
300 _a135
650 _aCHILDRENS STORY BOOK
_zUNITED KINGDOM
942 _cBK
999 _c2625
_d2625